000 00714nam a2200241 i 4500
001 C2-0200655
003 PPAK
005 20180728100720.0
008 990213s1996 caua|||| ||||| | eng d
020 _a0152002707
040 _aPPAK
_beng
_cPPAK
_erda
082 0 4 _a811.0080355
_2 23
090 0 0 _a811.0080355
_bOPE
_dK
245 0 0 _aOpenings days :
_bsport poems
264 1 _aSan Diego, California :
_bHarcourt Brace & Company ,
_c1996
300 _a37 pages :
_bcolour illustrations ;
_c26 cm
336 _2rdacontent
_atext
337 _2rdamedia
_aunmediated
338 _2rdacarrier
_avolume
650 1 0 _aChildren's poetry - American
700 1 _aHopkins, Lee Bennett,
_ecompile
942 _ddc
_cB
999 _c157035
_d157035